000 00745cam a22002531 4500
001 rc 01000109
003 DLC
005 20260227111859.0
007 cr_|||||||||||
008 830726s1883 ksuab 000 0 eng
010 _arc 01000109
035 _a(OCoLC)10334661
040 _aDLC
_cOkU
_dDLC
042 _apremarc
043 _an-us-ks
050 0 0 _aF686
_b.T35
100 1 _aTewksbury, George E.
245 1 4 _aThe Kansas picture book,
_cby G. E. Tewksbury.
260 _aTopeka, Kan.,
_bA. S. Johnson,
_c1883.
300 _a111 p.
_billus. (incl. 2 maps)
_c25 cm.
530 _aAlso available in digital form on the Internet Archive Web site.
651 0 _aKansas.
856 4 1 _uhttp://hdl.loc.gov/loc.gdc/scd0001.00030851341
999 _c51732
_d51732